| 000 | 00894cam a22002531 4500 | ||
|---|---|---|---|
| 001 | 9831217 | ||
| 005 | 20050507153816.0 | ||
| 008 | 720504s1960 nyu | 000 0 eng d | ||
| 010 | _a 60015693 | ||
| 035 | _a(OCoLC)301123 | ||
| 040 |
_aDLC _cOUrC _dOCoLC _dKMK _dDLC |
||
| 042 | _apremarc | ||
| 050 | 0 | 0 |
_aAC5 _b.N48 |
| 082 |
_a081 _222 _bNEW |
||
| 130 | 0 |
_aNew York times. _910385 |
|
| 245 | 1 | 0 |
_aBackground and Foreground: _bAn Anthology of Articles from the New York Times Magazine/ _cEdited with an introd. and notes by Lester Markel. |
| 260 |
_aGreat Neck, N.Y.: _bChannel Press, _c1960 |
||
| 300 |
_a489 p.; _c24 cm. |
||
| 500 | _aDonated by: Alaa Abdel Ghany | ||
| 630 | 0 | 0 |
_aNew York Times. _910386 |
| 700 | 1 |
_aMarkel, Lester, _d1894- _eed. _910387 |
|
| 942 |
_2ddc _cBB |
||
| 999 |
_c13141 _d13141 |
||